| 000 | 00647nam a22001937a 4500 | ||
|---|---|---|---|
| 008 | 160218b xxu||||| |||| 00| 0 eng d | ||
| 020 | _a978-971-95961-9-6 | ||
| 082 |
_22014 _aDFil 332 _bM46m |
||
| 100 |
_917608 _aMedina, Roberto G. |
||
| 245 |
_aMoney, credit and banking/ _cRoberto G. Medina. |
||
| 260 |
_aManila, Philippines: _bUnlimited Books Library Services & Publishing Inc., _cc2014. |
||
| 300 |
_axiv, 249 pages: _billustrations; _c23 cm. |
||
| 500 | _aIncludes bibliographical references. | ||
| 650 | 0 |
_917609 _aFinance |
|
| 650 | 0 |
_917610 _aFinancial economics |
|
| 650 | 0 |
_917611 _aMoney |
|
| 365 |
_b495.00 _cPhp. |
||
| 942 |
_2ddc _cDFIL |
||
| 999 |
_c5764 _d5764 |
||